Trnavský región je pre investorov atraktívny

Rozhovor autora článku s riaditeľkou Regionálnej komory Slovenskej obchodnej a priemyselnej komory. Výhodná geografická poloha, dobrá dopravná infraštruktúra, kvalifikovaná pracovná sila, schopnosť prispôsobiť sa k novým podmienkam - výhody tohto regiónu. Etablovanie firmy PSA Peugeot Citroen. Prípr...

Descrizione completa

Salvato in:
Dettagli Bibliografici
Autore principale: Vrabec, Norbert
Altri autori: Gallová, Jana
Natura: Capitolo di libro
Lingua:slovacco
Soggetti:
Tags: Aggiungi Tag
Nessun Tag, puoi essere il primo ad aggiungerne!!

MARC

LEADER 00000naa$a2200000$$$4500
001 0028383
005 20231004125841.6
041 0 |a slo 
044 |a SK 
245 1 0 |a Trnavský región je pre investorov atraktívny  |c Norbert Vrabec, Jana Gallová 
520 |a Rozhovor autora článku s riaditeľkou Regionálnej komory Slovenskej obchodnej a priemyselnej komory. Výhodná geografická poloha, dobrá dopravná infraštruktúra, kvalifikovaná pracovná sila, schopnosť prispôsobiť sa k novým podmienkam - výhody tohto regiónu. Etablovanie firmy PSA Peugeot Citroen. Príprava pracovníkov pre automobilový priemysel. Projekty Trnavskej regionálnej komory na podporu spolupráce malých a stredných podnikov a veľkých investorov. Štruktúra podnikateľov v Trnavskom kraji. 
610 2 0 |a investície zo zahraničia 
610 2 0 |a investori 
610 2 0 |a spolupráca hospodárska medzinárodná 
610 2 0 |a regióny 
610 2 0 |a rozvoj regionálny 
610 2 0 |a podnikatelia 
610 2 0 |a podnik malý 
610 2 0 |a podnik stredný 
610 2 0 |a priemysel automobilový 
610 2 0 |a vzdelávanie 
610 2 0 |a komory obchodné 
100 1 |a Vrabec, Norbert 
700 1 |a Gallová, Jana